000
00259nam a22001217a 4500
008
180302b xxu||||| |||| 00| 0 eng d
041
_a
eng
080
_a
004
100
_a
35
101
_a
shk
245
_a
dynamic programing
_c
richard.b
942
_2
udc
_c
BK
999
_c
43915
_d
43915